000 00618nam a2200229Ia 4500
003 OSt
005 20221006161002.0
006 a|||||r|||| 00| 0
007 ta
008 221006b |||||||| |||| 00| 0 eng d
024 _a47,034
037 _cTextual
040 _aEASL
_cEASL
_beng
041 _2eng
_aeng
082 _aX8(F):89C.42, L1
245 0 _aIndustrial standardiation in Japan
_b standardiation's contribution to industrial and economic growth
260 _c1971
300 _a115p.
_ccm.
490 _v JEL
942 _hX8(F):89C.42, L1
_cTEXL
_2CC
999 _c1115123
_d1115123